Vestník vlády Slovenskej socialistickej republiky pre národné výbory

Guardado en:
Detalles Bibliográficos
Formato: Seriadas
Lenguaje:eslovaco
Publicado: Bratislava Ministerstvo vnútra SSR 1983
Etiquetas: Agregar Etiqueta
Sin Etiquetas, Sea el primero en etiquetar este registro!

MARC

LEADER 00000nas2a2200000 4500
001 s108248
005 20250730114200.8
041 0 |a slo 
044 |a SK 
245 1 0 |a Vestník vlády Slovenskej socialistickej republiky pre národné výbory 
264 1 |a Bratislava  |b Ministerstvo vnútra SSR  |c 1983 
300 |a 1 zv. 
773 0 |w eu_un_cat*s120899